UM Logo
Normal view MARC view
  • Chen, Mingyun.

Entry Personal Name

Number of records used in: 1

001 - CONTROL NUMBER

  • control field: 54414

003 - CONTROL NUMBER IDENTIFIER

  • control field: OSt

005 - DATE AND TIME OF LATEST TRANSACTION

  • control field: 20240313082801.0

008 - FIXED-LENGTH DATA ELEMENTS

  • fixed length control field: 240313|| aca||aabn | a|a d

040 ## - CATALOGING SOURCE

  • Original cataloging agency: OSt
  • Transcribing agency: OSt

100 ## - HEADING--PERSONAL NAME

  • Personal name: Chen, Mingyun.
  • Relator term: author.

670 ## - SOURCE DATA FOUND

  • Source citation: Work cat.: (OSt): Chen, Mingyun. author., Multiple open-circuit fault diagnosis method in NPC rectifiers fault injection strategy /, July 2022.